00774nam a22002537a 450000500170000001000520001702000260006903500130009503500140010803500170012203500230013903500140016203700130017603700170018903700180020608200110022410000230023524500670025825000110032526000340033627000720037030000270044250000510046920230525103338.0 a1516EN07 ENG-111394 ENG-135787 ENG-137039 a9788120350489c450.00 aEN-94926 aEN-120571 aB-610625-650 aB-667825, B-093823 aEN-119319 bDBAD/PUB bUBH/VENaDPL bRHSP/VENaDPL a320.01 aRamaswamy, Sushila aPolitical theory :bideas and concepts /cby Sushila Ramaswamy a2nd ed aNew DelhibPHI Learningc2015 aRimjhim House, 111, Patparganj Industrial EstatebNew Delhie110092 axvi, 564p. c24cm(pbk) aIncludes bibliographical references and index.